Poultry processing equipment big dutchman - barker
Salvato in:
| Natura: | Libro |
|---|---|
| Lingua: | Undetermined |
| Pubblicazione: |
Michigan
Big Dutchman
1965
|
| Soggetti: | |
| Tags: |
Aggiungi Tag
Nessun Tag, puoi essere il primo ad aggiungerne! !
|
| Thư viện lưu trữ: | Trung tâm Học liệu Trường Đại học Cần Thơ |
|---|
| LEADER | 00445nam a2200157Ia 4500 | ||
|---|---|---|---|
| 001 | CTU_23473 | ||
| 008 | 210402s9999 xx 000 0 und d | ||
| 082 | |a 683.88 | ||
| 082 | |b B576 | ||
| 245 | 0 | |a Poultry processing equipment big dutchman - barker | |
| 260 | |a Michigan | ||
| 260 | |b Big Dutchman | ||
| 260 | |c 1965 | ||
| 650 | |a Machine design,Thiết kế máy | ||
| 904 | |i Truc | ||
| 980 | |a Trung tâm Học liệu Trường Đại học Cần Thơ | ||